[Event "?"]
[Site "?"]
[Date "2012.03.27"]
[Round "7.28"]
[White "Kümmel, Hans-Jürgen"]
[Black "Kempken, Reinhold"]
[Result "1/2-1/2"]
[WhiteElo "1262"]
[BlackElo "1610"]
[PlyCount "94"]
[EventDate "2012.??.??"]
[WhiteTeam "SG Höntrop 1947"]
[BlackTeam "Vereinslos"]

1. Nf3 d5 2. d4 c5 3. e3 Nc6 4. Nc3 Nf6 5. Be2 Bf5 6. a3 e6 7. Nh4 Bg6 8. Nxg6
hxg6 9. Bf3 cxd4 10. exd4 Qb6 11. Ne2 Bd6 12. h3 O-O-O 13. c3 e5 14. dxe5 Bxe5
15. Be3 d4 16. cxd4 Nxd4 17. Nxd4 Bxd4 18. Qc2+ Kb8 19. Bf4+ Ka8 20. O-O Rc8
21. Qa4 Nh5 22. Bxh5 gxh5 23. Rad1 Rhd8 24. Rd2 Bf6 25. Be3 Qa6 26. Rxd8 Rxd8
27. Qxa6 bxa6 28. b4 Kb7 29. Rb1 Rd5 30. Kf1 Rd3 31. a4 Ra3 32. a5 Ra2 33. Rc1
Be7 34. Rc4 Ra4 35. Bd2 Ra1+ 36. Ke2 g5 37. Kd3 Rg1 38. Re4 Bf6 39. g3 Rh1 40.
Bc3 Bxc3 41. Kxc3 Rxh3 42. Re7+ Kb8 43. Rxf7 h4 44. Rh7 Rh2 45. gxh4 Rxh4 46.
Rg7 g4 47. Kb3 Rh2 1/2-1/2

[Event "?"]
[Site "?"]
[Date "2012.03.27"]
[Round "7.31"]
[White "Czarnecki, Günther"]
[Black "Stenzel, Gerhard"]
[Result "0-1"]
[WhiteElo "1095"]
[BlackElo "1656"]
[WhiteTeam "SV Unser Fritz W-E"]
[BlackTeam "SV Unser Fritz W-E"]

1. e4 d5 2. exd5 Nf6 3. Nc3 Nxd5 4. Nxd5 Qxd5 5. Nf3 Bg4 6. Be2 e5 7. d4 e4 8.
Ne5 Bxe2 9. Qxe2 f6 10. Ng4 Nc6 11. Ne3 Qxd4 12. O-O O-O-O 13. Rd1 Qc5 14.
Rxd8+ Kxd8 15. Qc4 Qxc4 16. Nxc4 g5 17. Be3 a6 18. a4 Be7 19. g4 h5 20. h3 hxg4
21. hxg4 Rh4 22. Re1 Rxg4+ 23. Kf1 f5 24. c3 b5 25. axb5 axb5 26. Na3 b4 27.
Rd1+ Kc8 28. cxb4 Nxb4 29. Nb5 Nd3 30. b3 f4 31. f3 Rh4 32. fxe4 fxe3 33. Rxd3
Rxe4 34. Na7+ Kb7 35. Nb5 e2+ 0-1